Statistics in early childhood and primary education: supporting early statistical and probabilistic thinking

Salvato in:
Dettagli Bibliografici
Autori principali: Leavy, Aisling (Autore), Meletiou-Mavrotheris, Maria (Autore), Paparistodemou, Efi (Autore)
Natura: Libro
Lingua:inglese
Pubblicazione: Singapur Springer 2018
Edizione:1a. ed
Serie:Early Mathematics Learning and Development
Soggetti:
Tags: Aggiungi Tag
Nessun Tag, puoi essere il primo ad aggiungerne!!

MARC

LEADER 00000cam a2200000 a 4500
001 UCC7356
003 CL-VaPUC
008 190322e20180000si |||||||||||||||||eng|d
020 |a 9789811310430 
082 0 4 |a 370.72  |b LEA  |2 21 
100 0 |a Leavy, Aisling  |e author  |9 601933 
700 0 |a Meletiou-Mavrotheris, Maria  |e author  |9 601934 
700 0 |a Paparistodemou, Efi  |e author  |9 601935 
245 1 0 |a Statistics in early childhood and primary education: supporting early statistical and probabilistic thinking 
250 |a 1a. ed 
300 |a 313 p 
942 |c BK 
945 |d 20190322 14:57:00  |a dcastane 
260 |a Singapur  |b Springer  |c 2018 
650 0 |a Estadísticas  |9 258644 
650 0 |a Educación básica   |9 224933 
583 |a last modification  |c 20190322 14:57:00  |k Rodrigo Vera 
490 0 |a Early Mathematics Learning and Development 
999 |c 374026  |d 374024 
952 |0 0  |1 0  |3 erd  |4 0  |6 370_720000000000000_LEA_2018  |7 0  |8 A  |9 492376  |a BIBMAT  |b BIBMAT  |c E_DIDACT  |i 5538858  |o 370.72 LEA 2018  |p 5538858  |r 2025-01-07  |w 2019-11-24  |y BK  |z Catalogado en:20190322  |k MAT 
952 |0 0  |1 0  |3 erd  |4 0  |6 370_720000000000000_LEA_2018  |7 0  |8 A  |9 492377  |a BIBMAT  |b BIBMAT  |c E_DIDACT  |i 553884K  |o 370.72 LEA 2018  |p 553884K  |r 2025-01-07  |w 2019-11-24  |y BK  |z Catalogado en:20190322  |k MAT